| 000 | 00589 a2200181 4500 | ||
|---|---|---|---|
| 999 |
_c4156 _d4156 |
||
| 020 | _a9781472209627 | ||
| 050 | _aPR6053 CON 2013 | ||
| 100 |
_aConnolly, John _eauthor |
||
| 245 |
_aConquest / _cJohn Connolly & Jennifer Ridyard |
||
| 264 |
_aLondon _bHeadline Publishing Group _c2013 |
||
| 300 | _a407p. : | ||
| 500 | _aFirst Emily Bestler books / Atria paperback edition February 2015. | ||
| 650 |
_aSpace warfare _xFiction. |
||
| 650 |
_aHuman-alien encounters _xFiction. |
||
| 650 | _aHuman-alien encounters. | ||
| 700 |
_aRidyard, Jennifer _eauthor |
||
| 942 |
_2lcc _cBK _h6053 _iCON _kPR |
||